| 000 | 00623nam a2200133Ia 4500 | ||
|---|---|---|---|
| 008 | 220620s9999||||xx |||||||||||||| ||und|| | ||
| 022 | _a16648714 | ||
| 100 | _aStefano Morotti||Eleonora Grandi||Esther Pueyo||Blanca Rodriguez | ||
| 245 | 0 | _aSafety Pharmacology - Risk Assessment QT Interval Prolongation and Beyond | |
| 546 | _aEnglish[eng] | ||
| 650 | _acardiotoxicity||cardiac electrophysiology.||drug-induced arrhythmia||QT interval prolongation||multi-scale modeling | ||
| 856 | _uhttps://www.frontiersin.org/research-topics/5662/safety-pharmacology---risk-assessment-qt-interval-prolongation-and-beyond | ||
| 942 | _cEB | ||
| 999 |
_c22178 _d22178 |
||